|
|
|
|
| LEADER |
00000cam a2200000 a 4500 |
| 001 |
vtls008374800 |
| 003 |
SK-MaSNL |
| 005 |
20260301140457.0 |
| 008 |
250312s1952 xo a jrp 000 0 slo |
| 015 |
|
|
|a SNBA19451955-004079
|
| 020 |
|
|
|q (brožované)
|
| 035 |
|
|
|a SK01SNKBKSFS20020067017
|
| 035 |
|
|
|a EBD6C489-C132-4961-AD38-3852EF7DFD76
|
| 035 |
|
|
|a urn:nbn:sk:snk-am00ichc
|
| 035 |
|
|
|a SKM000069480
|
| 040 |
|
|
|a SNK
|b slo
|c SNK
|e AACR2
|
| 041 |
1 |
|
|a slo
|h cze
|
| 044 |
|
|
|a xo
|c SK
|
| 080 |
|
|
|a 373(075)
|2 1981
|
| 080 |
|
|
|a 621(075)
|2 1981
|
| 080 |
|
|
|a 696.6
|2 2011
|
| 080 |
|
|
|a (075.3)
|2 2011
|
| 100 |
1 |
|
|a Hudec, Jozef
|4 aut
|9 289592
|
| 245 |
1 |
0 |
|a Elektrické inštalácie
|b pomocná kniha pre základné odborné školy
|c (Jozef Hudec) ; [z čes. orig.] (prel. a dopl. Július Beňo)
|
| 260 |
|
|
|a Bratislava
|b Štátne nakladateľstvo
|c 1952
|e Ružomberok
|f Stredoslovenské tlač.
|
| 300 |
|
|
|a 108, [3] s.
|b ilustrácie, tabuľky
|c V. 8°
|
| 366 |
|
|
|e 5000 kusov
|
| 650 |
0 |
7 |
|a elektrické inštalácie
|2 SNKPH
|9 67471
|
| 655 |
|
7 |
|a učebnice stredných škôl
|2 SNKPH
|9 69323
|
| 700 |
1 |
|
|a Beňo, Július
|4 trl
|4 adp
|9 289876
|
| 852 |
|
|
|a Slovenská národná knižnica
|
| 954 |
|
|
|a odborná, vedecká literatúra pôvodná (slovenská)
|2 lita
|
| 958 |
|
|
|a RK
|
| 958 |
|
|
|a TL
|
| 958 |
|
|
|a OND
|
| 999 |
|
|
|c 763849
|d 765779
|
| 952 |
|
|
|a SNK
|b SNK
|y PREZ
|7 0
|p 17A0882472
|o snkSC 18271
|i snkF 8452/63
|8 5
|0 0
|1 0
|4 0
|d 2021-10-14
|f 1
|l 0
|r 2025-07-25 00:00:00
|w 2026-02-24
|